000 00260nam a22001217a 4500
008 170623b xxu||||| |||| 00| 0 eng d
041 _aeng
080 _a93
100 _a21
101 _ashp
245 _aRADICAL HISTORY REVIEW
_cJACOBY, R
942 _2udc
_cBK
999 _c19025
_d19025